| 000 | 01761nas1a2200313 i 4500 | ||
|---|---|---|---|
| 001 | RU\NLR\DRGNLR\4488 | ||
| 005 | 20240729012840.0 | ||
| 035 | _a(NLR Aleph) 010313060 | ||
| 090 |
_a10643943 _c10643943 |
||
| 100 | _a20080514b19061907u y0rusy50 ca | ||
| 101 | 0 | _arus | |
| 102 | _aRU | ||
| 110 | _acaa|||||||| | ||
| 200 | 1 |
_aСовременная мысль _e[Ежедн. полит.-экон. и лит. газ.] _fРед.-изд. Ф.С.Груздев |
|
| 207 | 1 | _a1906, 1 окт. - 1907, 1 янв. | |
| 210 |
_aСПб _d1906 |
||
| 311 | _aИзд. вместо газ. "Современная Россия" (см. ); С 21 янв. 1907 изд. газ. "Современная речь" (см. ) | ||
| 430 | 0 |
_1001RU\NLR\DRGNLR\4491 _12001#$aСовременная Россия$fРед.-изд. Н.Г.Молоствов _910643953 _cСПб _d1906 _fРед.-изд. Н.Г.Молоствов _tСовременная Россия |
|
| 440 | 0 |
_1001RU\NLR\DRGNLR\4490 _12001#$aСовременная речь$eГаз. полит., экон. и лит.$fРед.-изд. М.Городецкий _910643950 _cСПб _d1907, 21 янв - 20 мая _fРед.-изд. М.Городецкий _oГаз. полит., экон. и лит. _tСовременная речь |
|
| 540 | 1 | _aСовременная мысль | |
| 702 | 1 |
_aГруздев _bФ.С. _gФавст Сергеевич _4340 |
|
| 801 | 0 |
_aRU _bNLR _c20080514 _gPSBO _2gzdor_isis |
|
| 801 | 2 |
_aRU _bNLR _c20080514 _gPSBO _2rusmarc |
|
| 852 |
_aNLR _j1-П/1-154бис |
||
| 942 | _cNEWSPAPER | ||
| 980 | _aDRG | ||